000 00534nam a22002057a 4500
003 OSt
005 20140310182926.0
008 130130t xxu||||| |||| 00| 0 eng d
020 _a9789715849357
050 _aPL6061.4
_b.As816 2010
082 _aFIL 899.2113
_bA816 2010
245 _aLumbay ng dila
_cAsenjo, Genevieve
260 _aQuezon City
_bC & E Publishing
_cc2010
300 _a486 p.
_c18 cm.
521 _acollege students
526 _c1210L-1700L
541 _j1
562 _e1
942 _2lcc
_cBK
_kFIL
999 _c17421
_d17421